| 000 | 00591nam a2200157 i 4500 | ||
|---|---|---|---|
| 001 | 171658 | ||
| 003 | ES-MaACL | ||
| 005 | 20230906214705.0 | ||
| 008 | 090525s1878 it |||| | ita d | ||
| 100 | 0 |
_aCurci, Carlo María. _942200 |
|
| 245 | 1 | 0 |
_aIl moderno dissidio tra la chiesa e l´Italia _b: considerato per occasione di un fatto particolare / _cda C. M. Curci. |
| 260 |
_aFirenze : _bFratelli Becini Editori, _c1878. |
||
| 300 |
_aXVI, 240 p. ; _c22 cm. |
||
| 546 | _aTexto italiano. | ||
| 852 |
_aES-MaACL _jE-13081(3) _z.- Legado M. de la Fuente _q.- Encuadernado con otras obras |
||
| 999 |
_c171658 _d171658 |
||